000 00278nam a22001097a 4500
008 230626b xxu||||| |||| 00| 0 eng d
082 _a337.1
_bUNESCO 2002
245 _aKenya and UNESCO
260 _aKenya
_bNational Commision for UNESCO
_c2002
300 _a187p
942 _2ddc
_cBK
999 _c2756
_d2756